| 000 | 00733cab a2200253 4500 | ||
|---|---|---|---|
| 001 | ABS49490 | ||
| 008 | 090401t1993 xxu||||| |||| 00| 0 eng d | ||
| 035 | _a(Sirsi) u71555 | ||
| 041 | _aeng | ||
| 100 | _aStockdale, A. | ||
| 245 | _aScots housing land aims pose dilemma | ||
| 260 | _c1993 | ||
| 350 | _a0 | ||
| 490 |
_aPlanning (for the Natural and Built Environment) _v(1038) 1 October 1993, 22-23(2) |
||
| 520 | _aReviews the Scottish Office Environment Departments new policy guidance on land for housing. | ||
| 650 | _aHOUSING LAND | ||
| 650 | _aPLANNING POLICY GUIDANCE NOTE 3 | ||
| 650 | _aPPG3 | ||
| 650 | _aSCOTLAND | ||
| 650 | _aSCOTTISH OFFICE | ||
| 690 | _aHOUSING | ||
| 942 | _n0 | ||
| 948 | _c04/03/1997 | ||
| 999 |
_c45128 _d45128 |
||